<?xml version="1.0" encoding="UTF-8"?>
<record
    xmlns:xsi="http://www.w3.org/2001/XMLSchema-instance"
    xsi:schemaLocation="http://www.loc.gov/MARC21/slim http://www.loc.gov/standards/marcxml/schema/MARC21slim.xsd"
    xmlns="http://www.loc.gov/MARC21/slim">

  <leader>00295nam a2200097Ia 4500</leader>
  <controlfield tag="001">1299412</controlfield>
  <controlfield tag="005">20260417170344.0</controlfield>
  <controlfield tag="008">260417s9999    xx            000 0 und d</controlfield>
  <datafield tag="245" ind1=" " ind2="0">
    <subfield code="a">D&#xDC;NYAYI GEZ&#x130;YORUM &#x15E;&#x130;R&#x130;N FRANSA'DA B&#xDC;Y&#xDC;K F&#x130;YASKO</subfield>
    <subfield code="c">B&#x130;RSEN EK&#x130;M &#xD6;ZEN</subfield>
  </datafield>
  <datafield tag="260" ind1=" " ind2=" ">
    <subfield code="b">T&#x130;MA&#x15E; &#xC7;OCUK YAYINLARI</subfield>
  </datafield>
  <datafield tag="999" ind1=" " ind2=" ">
    <subfield code="c">1299412</subfield>
    <subfield code="d">1299412</subfield>
  </datafield>
  <datafield tag="952" ind1=" " ind2=" ">
    <subfield code="0">0</subfield>
    <subfield code="1">0</subfield>
    <subfield code="4">0</subfield>
    <subfield code="7">0</subfield>
    <subfield code="a">1045</subfield>
    <subfield code="b">1045</subfield>
    <subfield code="d">2026-04-17</subfield>
    <subfield code="l">0</subfield>
    <subfield code="p">10454163</subfield>
    <subfield code="r">2026-04-17 17:03:44</subfield>
    <subfield code="w">2026-04-17</subfield>
    <subfield code="y">BK</subfield>
  </datafield>
</record>
